Nazi Germany and the Jews, 1933-1945
Saved in:
| Main Author: | |
|---|---|
| Other Authors: | |
| Format: | Book |
| Language: | English |
| Published: |
New York :
Harper Perennial,
c2009
|
| Edition: | abrigded ed. |
| Subjects: | |
| Tags: |
Add Tag
No Tags, Be the first to tag this record!
|
MARC
| LEADER | 00000cam a2200000 i 4500 | ||
|---|---|---|---|
| 001 | 1/5002 | ||
| 008 | 100301s2009 eng d | ||
| 020 | |a 978-0-06-135027-6 | ||
| 035 | |l 10107011 | ||
| 040 | |a GR-MY-UA |b gre |e aacr | ||
| 041 | 0 | |a eng | |
| 082 | 0 | |a 940.5318 |2 (22) | |
| 100 | 1 | |a Friedlander, Saul, |d 1932- | |
| 245 | 1 | 0 | |a Nazi Germany and the Jews, 1933-1945 / |c Saul Friedlander ; abridged by Orna Kenan |
| 250 | |a abrigded ed. | ||
| 260 | |a New York : |b Harper Perennial, |c c2009 | ||
| 300 | |a xvi, 482 σ.; |b χάρτες; |c 21 εκ. | ||
| 500 | |a Συντομευμένη έκδοση του "Saul Friedlander's" δίτομη ιστορία του "Nazi Germany and the Jews" | ||
| 504 | |a Βιβλιογραφία: σ. [449]-456 | ||
| 504 | |a Ευρετήριο: σ. [457]-482 | ||
| 650 | 0 | 0 | |a Jews |z Germany |x History |y 1933-1945. |
| 650 | 0 | 0 | |a Jews |x Persecutions |z Germany. |
| 650 | 0 | 0 | |a Holocaust, Jewish (1939-1945) |z Germany. |
| 651 | 0 | |a Germany |x Politics and government |y 1933-1945. | |
| 651 | 0 | |a Germany |x History |y 1933-1945. | |
| 651 | 0 | |a Germany |x Ethnic relations. | |
| 700 | 1 | |a Kenan, Orna. |4 edt | |
| 767 | 0 | 8 | |t Η ναζιστική Γερμανία και οι Εβραίοι / |
| 852 | |a INST |b LESVOS |e 20100301 |h 940.5318 FRI |p 005100046125 |q 005100046125 |t BK |y 0 | ||
| 901 | |a BIBL1-2010-1 | ||
| 909 | |a Λ |b 162904 | ||
| 970 | |a ΓΙΑΛΑΜΑ |b ΜΑΡΙΑ |z 2010/03/01 | ||